000 04129nam a22003017a 4500
003 OSt
005 20240412233701.0
008 240412b ||||| |||| 00| 0 eng d
040 _bEnglish.
_cCvSU-CCAT Campus Library.
_erda.
050 _aUM HQ 305.323
_bD45 2015
100 _aDelgado Ronabel R., author.
_910576
245 _aA marketing research : gender preference of buyers on car sales representatives in selected Municipalities in Cavite /
_cRonabel R. Delgado, Minnie P. Lumucso, and Catherine A. Morasa.
260 _aRosario, Cavite :
_bCavite State University-CCAT Campus,
_c2015.
300 _axi, 43 leaves :
_billustrations ;
_c28 cm
500 _aAn Undergraduate Thesis (BSBM)--Cavite State University-CCAT Campus, 2015.
504 _aIncludes bibliographical references and appendices.
520 _aDELGADO, RONABELL R. LUMUCSO, MINNIE P. and MORASA, CATHERINE A. A Marketing Research: Gender Preference of Buyers on Car Sales Representatives in Selected Municipalities in Cavite. Undergraduate Thesis. Bachelor of Science in Business Management Major in Marketing. Cavite State University-Rosario Campus, Rosario, Cavite. April 2015. Adviser Ms. Lorna B. Moncada. The study was conducted from October 2014 to February 2015 in selected municipalities in Cavite to determine the preferred gender of buyers on car sales representatives. The study specifically aimed to determine the demographic profile of car owners. The descriptive method of research was used in this study. The major tool used in gathering data was a survey questionnaire designed for participants from selected car dealers. The researchers considered 300 as their respondents. The study used quota sampling. Female consumers considered financing options as a factor when they purchased cars. For female consumers, money always matter. They were more concern with the price before buying some items. On the other hand, male consumers considered the appearance of the car, male who most likely to collect cars. Both female and male consumers purchase cars because of their family individual needs, since they used cars as school service for their children and even on a family vacation trip. It was also found that both female and male participants preferred female car sales representatives because they were satisfied with the performance shown by female car sales representatives to them. Active listener was the characteristic of female car sales representatives that female participants preferred because females are generally better listeners than men. On the other hand, males are good at negotiation skills. Simple negotiations men do better while in more complex ones women tend to do better. Although automobile industry is dominated by male still, consumers most likely preferred female sales people. Female car sales representatives are better in sales than males that is why car dealers should hire more female car sales representatives. It shows that female car sales representatives performed well in the aspect of selling car and for attracting consumers. As for female car sales representatives, as this study reveals that female car sales representatives most likely are preferred by consumers they should continue to improve themselves in order for them to be a successful car sales representatives. On the other hand, for male car sales representatives, although car sales are dominated by male, they shouldn't be too confident because in this generation women are now taking over in sales. Women can be a threat so better be careful. They should improve themselves and do their job well for them to remain in the sales force.
546 _aIn English text.
650 _aSex role.
_9360
650 _aDescriptive research.
_99436
650 _aConsumers -- Gender references.
_910577
700 _aLumucso, Minnie P., author.
_910578
700 _aMorasa, Catherine A., author.
_910579
700 _aMoncada, Lorna B., adviser.
_910225
700 _aTadeo, Jerico B., technical critic.
_96681
942 _2lcc
_cT/M/D
_hHQ 305.323 D45 2015
_kUM
999 _c3016
_d3016